| 000 | 00957nam a2200289 a 4500 | ||
|---|---|---|---|
| 001 | BRL_1384 | ||
| 005 | 20190320211158.0 | ||
| 008 | 100114s1962----u--ao#####---#000-0#eng-# | ||
| 020 | _a0295953349 | ||
| 041 | _aeng | ||
| 044 | _au | ||
| 050 | 4 |
_aTS1352 _b.H37 1962 |
|
| 100 | 1 |
_aHarcourt, Raoul d’ _915173 |
|
| 245 | 1 | 0 |
_aTextiles of ancient Peru and their techniques _cBy Raoul D´Harcourt ; edited by Grace G. Denny and Carolyn M. Osborno ; translated by Sadie Brown. |
| 260 |
_aSeattle _bUniversity of Washington _c1962 |
||
| 300 |
_axvii, 186 p. _bil., 117 láminas _c28 cm. |
||
| 500 | _aAu1628 | ||
| 504 | _aBibliografía: p. 141-146 | ||
| 650 | 1 | 4 |
_aIndustria textil _zPerú _926717 |
| 650 | 1 | 4 |
_aIndustria textil indígena _zPerú _926718 |
| 650 | 1 | 4 |
_aTelas _zPerú _926719 |
| 700 | 1 |
_aDenny, Grace G. _eed. _926720 |
|
| 700 | 1 |
_aOsborne, Carolyn M. _eed. _926721 |
|
| 700 | 1 |
_aBrown, Sadie _etr. _926722 |
|
| 902 | _aGRL | ||
| 942 |
_2lcc _cB |
||
| 999 |
_c10195 _d10195 |
||